000 00667cam a2200229 4500
005 20150803173050.0
008 1997 spa
020 _a84-7432-620-6
050 0 4 _aML3797
_bD35 2003
100 1 _aDahlhaus, Carl
245 0 _aFundamentos de la historia de la música /
_cpor Carl Dahlhaus.
250 _aPrimera reimpresión: 2003
260 _aBarcelona, España :
_bGedisa,
_c2003.
300 _a205 p. ;
_c22 cm.
440 _aCla-de-ma
490 _aMúsica/Historia
500 _a1 ejem.
500 _aRec. Prop. Esc.
504 _aIncluye índice
650 7 _2Lemb
_aFilosofía
_xMúsica
_xHistoria
942 _2lcc
_cLIB
999 _c60548
_d60548